Cincinnati Reds World Series Titles - Statistics

General Stats
  • This quiz has been taken 22 times
  • The average score is 5 of 5
Answer Stats
Opponent Year % Correct
Chicago White Sox 1919
100%
Boston Red Sox 1975
95%
New York Yankees 1976
95%
Oakland Athletics 1990
95%
Detroit Tigers 1940
79%
No matching quizzes found
Score Distribution
Percent of People with Each Score
Percentile by Number Answered
Your Score History
You have not taken this quiz